[Event "Campeonato del Mundo sub-20 2010 Fem."]
[Site "Chotowa-Czarna, Poland"]
[Date "2010.08.06"]
[Round "4.16"]
[White "Rysbayeva, Nazerke"]
[Black "Guramishvili, Sopiko"]
[Result "0-1"]
[WhiteElo "2052"]
[BlackElo "2298"]
[PlyCount "132"]
[EventDate "2010.08.03"]
[EventType "swiss"]
[EventRounds "13"]
[EventCountry "POL"]
[Source "lmi"]
[SourceDate "2010.08.03"]

1. d4 d5 2. c4 c6 3. Nf3 Nf6 4. Qc2 dxc4 5. Qxc4 Bf5 6. g3 e6 7. Bg2 Be7 8. O-O
O-O 9. e3 Nbd7 10. Nc3 h6 11. Re1 Bh7 12. e4 Rc8 13. Qe2 Re8 14. Bf4 Bb4 15. e5
Nd5 16. Bd2 Bxc3 17. bxc3 c5 18. c4 N5b6 19. Rec1 a6 20. Be3 cxd4 21. Bxd4 Nc5
22. Rd1 Qe7 23. Rac1 Rc7 24. Qe3 Rec8 25. Nd2 Nbd7 26. Nb3 Bg6 27. h3 b6 28.
Bxc5 Nxc5 29. Nxc5 Qxc5 30. Qxc5 Rxc5 31. Bb7 R8c7 32. Bxa6 Ra7 33. Bb5 Rxa2
34. Re1 Bd3 35. Red1 Be4 36. Ra1 Rb2 37. Rd6 Rxe5 38. Rxb6 Rf5 39. Re1 Bd3 40.
Rb8+ Kh7 41. Rd8 Be2 42. Bc6 Rc5 43. Be4+ g6 44. Bd3 Bxd3 45. Rxd3 Rxc4 46. Rf3
Kg7 47. Rd1 Rc7 48. Re1 Rb5 49. Kg2 e5 50. Rfe3 Kf6 51. Ra1 h5 52. Ra6+ Kg7 53.
h4 Rb2 54. Ra4 Rcc2 55. Rf3 f5 56. Ra7+ Kf8 57. Kg1 e4 58. Rfa3 Rxf2 59. Ra8+
Kg7 60. R3a7+ Kf6 61. Ra6+ Ke5 62. Rxg6 e3 63. Ra5+ Kd4 64. Rd6+ Kc4 65. Ra4+
Kb5 66. Ra1 Rg2+ 0-1

[Event "Campeonato del Mundo sub-20 2010 Fem."]
[Site "Chotowa-Czarna, Poland"]
[Date "2010.08.06"]
[Round "4.19"]
[White "Mareckova, Martina"]
[Black "Rysbayeva, Aigerim"]
[Result "1/2-1/2"]
[WhiteElo "2095"]
[BlackElo "2209"]
[PlyCount "65"]
[EventDate "2010.08.03"]
[EventType "swiss"]
[EventRounds "13"]
[EventCountry "POL"]
[Source "lmi"]
[SourceDate "2010.08.03"]

1. e4 c5 2. Nc3 d6 3. g3 Nc6 4. Bg2 g6 5. d3 Bg7 6. Be3 e6 7. Qd2 Nge7 8. Bh6
Bf6 9. h4 Qb6 10. Nd1 Bd7 11. c3 O-O-O 12. Ne3 Rhe8 13. O-O-O Na5 14. Nc4 Qa6
15. Nxa5 Qxa5 16. Kb1 Ba4 17. Re1 Kb8 18. Nf3 Nc6 19. Bg5 Be7 20. d4 f6 21. Be3
cxd4 22. Nxd4 Nxd4 23. Bxd4 Bc6 24. f4 e5 25. Be3 d5 26. exd5 Bxd5 27. Bxd5
Rxd5 28. Qc2 Red8 29. fxe5 fxe5 30. h5 Bc5 31. Bxc5 Qxc5 32. hxg6 Rd2 33. Qe4
1/2-1/2

[Event "Campeonato del Mundo sub-20 2010 Fem."]
[Site "Chotowa-Czarna, Poland"]
[Date "2010.08.06"]
[Round "4.20"]
[White "Zmarzly, Aleksandra"]
[Black "Semenova, Elena"]
[Result "1/2-1/2"]
[WhiteElo "2026"]
[BlackElo "2194"]
[PlyCount "133"]
[EventDate "2010.08.03"]
[EventType "swiss"]
[EventRounds "13"]
[EventCountry "POL"]
[Source "lmi"]
[SourceDate "2010.08.03"]

1. e4 e5 2. Nf3 Nc6 3. Bb5 f5 4. Nc3 fxe4 5. Nxe4 Nf6 6. Nxf6+ Qxf6 7. Bxc6
bxc6 8. Qe2 Be7 9. Qxe5 d6 10. Qxf6 Bxf6 11. d3 Rb8 12. Rb1 O-O 13. O-O Bg4 14.
Nd2 Rbe8 15. Ne4 Bd4 16. Be3 c5 17. Bxd4 cxd4 18. h3 Bc8 19. Rfe1 Re5 20. Nd2
Rg5 21. Kf1 Bb7 22. f3 Rc5 23. Rbc1 Bd5 24. b3 Kf7 25. Ne4 Ra5 26. a4 h6 27.
Re2 Re8 28. Ng3 Be6 29. Rce1 Rg5 30. Kf2 Bd7 31. Rxe8 Bxe8 32. Ne2 c5 33. g4
Re5 34. f4 Re3 35. Ng3 Rxe1 36. Kxe1 Bd7 37. Kf2 g6 38. Ne4 Ke6 39. Kg3 Bc6 40.
h4 h5 41. Nd2 Bd7 42. Nc4 hxg4 43. Kxg4 Kf6+ 44. Kg3 Ke6 45. Na3 Bc8 46. Nb5 a6
47. Na3 Ke7 48. Nc4 Bf5 49. Kf3 Kd7 50. Nd2 Ke7 51. Ne4 Bd7 52. Ng3 Kf7 53. h5
gxh5 54. Nxh5 d5 55. Ng3 Kf6 56. Ne2 Be8 57. Kg3 Bh5 58. Kf2 Bg4 59. b4 cxb4
60. Nxd4 a5 61. Nb3 Bd1 62. Nd4 Bh5 63. Nb3 Bd1 64. Nd4 Bg4 65. Nb3 Bd1 66. Nd4
Bh5 67. Nb3 1/2-1/2

[Event "Campeonato del Mundo sub-20 2010 Fem."]
[Site "Chotowa-Czarna, Poland"]
[Date "2010.08.06"]
[Round "4.21"]
[White "Kaya, Emel"]
[Black "Lach, Aleksandra"]
[Result "1-0"]
[WhiteElo "2015"]
[BlackElo "2179"]
[PlyCount "76"]
[EventDate "2010.08.03"]
[EventType "swiss"]
[EventRounds "13"]
[EventCountry "POL"]
[Source "lmi"]
[SourceDate "2010.08.03"]

1. e4 c5 2. Nf3 Nc6 3. Bb5 g6 4. O-O Bg7 5. c3 e5 6. Bxc6 dxc6 7. d3 b6 8. Na3
Ne7 9. Nc4 Qc7 10. Ne1 b5 11. Na3 O-O 12. Be3 Qd6 13. f4 f5 14. Nf3 exf4 15. e5
Qc7 16. Bxc5 Rd8 17. Qb3+ Kh8 18. Ng5 Nd5 19. e6 Re8 20. Nxb5 cxb5 21. Qxd5 Bb7
22. Qd6 Rac8 23. d4 Kg8 24. Qd7 Qc6 25. Qxc6 Bxc6 26. Bxa7 h6 27. Nh3 g5 28.
Rfe1 Bd5 29. e7 Ra8 30. Bc5 Rxa2 31. Rxa2 Bxa2 32. Ra1 Bc4 33. Ra5 Bf6 34. b3
Be2 35. Ra7 Kf7 36. d5 Rc8 37. b4 Rh8 38. d6 Ke6 1-0

[Event "Campeonato del Mundo sub-20 2010 Fem."]
[Site "Chotowa-Czarna, Poland"]
[Date "2010.08.06"]
[Round "4.22"]
[White "Nesterovskaya, Anzhelika"]
[Black "Kasperek, Joanna"]
[Result "1/2-1/2"]
[WhiteElo "2177"]
[BlackElo "2001"]
[PlyCount "132"]
[EventDate "2010.08.03"]
[EventType "swiss"]
[EventRounds "13"]
[EventCountry "POL"]
[Source "lmi"]
[SourceDate "2010.08.03"]

1. e4 c5 2. Nf3 e6 3. d4 cxd4 4. Nxd4 a6 5. Bd3 Nf6 6. O-O Qc7 7. Qe2 d6 8. c4
g6 9. f4 Bg7 10. Kh1 O-O 11. Nc3 Nbd7 12. Be3 Nc5 13. Bc2 b6 14. b4 Ncd7 15.
Rad1 Re8 16. Nb3 Bb7 17. a4 Rac8 18. Bd3 d5 19. c5 dxe4 20. Bxa6 bxc5 21. Bxc5
Nxc5 22. Nxc5 Bxa6 23. Qxa6 Ng4 24. N3xe4 Rcd8 25. Nd6 Rf8 26. Rf3 Qe7 27. h3
Qh4 28. Kg1 Nf6 29. Qc4 Nd5 30. Ncb7 Rd7 31. Rc1 Qe7 32. Nc8 Qxb4 33. Qxb4 Nxb4
34. Nbd6 Rfd8 35. Rc4 Nd5 36. Nb5 e5 37. fxe5 Bxe5 38. a5 Rb7 39. Rc5 Nb4 40.
Rf1 f6 41. Rb1 Na6 42. Rc6 Nb4 43. Rc5 Na6 44. Rc6 Nb8 45. Rc4 Bg3 46. Nb6 Rd2
47. Nc3 Rc2 48. Rf1 Kg7 49. Rxf6 Ra7 50. Ne4 Rxc4 51. Nxc4 Be1 52. Rb6 Nd7 53.
Rb5 Nf6 54. Nc5 Nd7 55. Nd3 Bc3 56. Nf4 Bd4+ 57. Kf1 Nc5 58. Nd6 Rd7 59. Ne2
Be3 60. Rb6 Ra7 61. Rb5 Rd7 62. Rb6 Ra7 63. Ng3 Bf4 64. Nge4 Bxd6 65. Nxd6 Rxa5
66. Rb2 Ra1+ 1/2-1/2

[Event "Campeonato del Mundo sub-20 2010 Fem."]
[Site "Chotowa-Czarna, Poland"]
[Date "2010.08.06"]
[Round "4.24"]
[White "Andrenko, Irina"]
[Black "Pratyusha, Bodda"]
[Result "1-0"]
[WhiteElo "2133"]
[BlackElo "2073"]
[PlyCount "97"]
[EventDate "2010.08.03"]
[EventType "swiss"]
[EventRounds "13"]
[EventCountry "POL"]
[Source "lmi"]
[SourceDate "2010.08.03"]

1. e4 e5 2. Nf3 Nc6 3. Bb5 f5 4. Nc3 fxe4 5. Nxe4 Nf6 6. Nxf6+ Qxf6 7. Qe2 Be7
8. Bxc6 dxc6 9. Nxe5 O-O 10. O-O Bf5 11. d4 Kh8 12. c3 Rae8 13. Bf4 c5 14. Rac1
a6 15. Bg3 Bd6 16. Rfe1 Re6 17. f4 g5 18. fxg5 Qxg5 19. Qf2 Qg7 20. Nf3 Bxg3
21. hxg3 cxd4 22. Qxd4 Ref6 23. Qe5 Bg4 24. Nh2 Be6 25. b3 Kg8 26. Re3 Qh6 27.
Rce1 c6 28. Nf3 Bd5 29. Qg5+ Qxg5 30. Nxg5 h6 31. Nh3 Kg7 32. Nf4 Rf5 33. c4
Bg8 34. Re7+ R8f7 35. Re8 Rd7 36. R8e7+ Rxe7 37. Rxe7+ Rf7 38. Ne6+ Kf6 39.
Rxf7+ Bxf7 40. Nd8 b5 41. cxb5 cxb5 42. Nxf7 Kxf7 43. Kh2 Kg6 44. Kh3 Kg5 45.
b4 Kh5 46. g4+ Kg5 47. Kg3 Kf6 48. Kh4 Kg6 49. g3 1-0

[Event "Campeonato del Mundo sub-20 2010 Fem."]
[Site "Chotowa-Czarna, Poland"]
[Date "2010.08.06"]
[Round "4.26"]
[White "Exler, Veronika"]
[Black "Orehek, Spela"]
[Result "1-0"]
[WhiteElo "2143"]
[BlackElo "1883"]
[PlyCount "69"]
[EventDate "2010.08.03"]
[EventType "swiss"]
[EventRounds "13"]
[EventCountry "POL"]
[Source "lmi"]
[SourceDate "2010.08.03"]

1. d4 d5 2. c4 c6 3. e3 Nf6 4. Nc3 a6 5. b3 e6 6. Nf3 Bb4 7. Bd2 Nbd7 8. Bd3
O-O 9. O-O Qe7 10. Qc2 e5 11. Nxe5 Nxe5 12. dxe5 Qxe5 13. cxd5 cxd5 14. Ne2 Bd6
15. Ng3 g6 16. Bc3 Qe7 17. Rfd1 Re8 18. Qb2 Ba3 19. Qd2 Bd7 20. Be2 Bc6 21. Qd4
Kg7 22. Bf3 Rad8 23. b4 a5 24. Qf4 h6 25. bxa5 Bd6 26. Qxf6+ Qxf6 27. Bxf6+
Kxf6 28. Rac1 Ba3 29. Rb1 Ke5 30. Ne2 Rd7 31. Rd3 Be7 32. Nd4 Ra8 33. Rb6 Rxa5
34. Rxc6 Rxa2 35. Rc1 1-0

[Event "Campeonato del Mundo sub-20 2010 Fem."]
[Site "Chotowa-Czarna, Poland"]
[Date "2010.08.06"]
[Round "4.27"]
[White "Krumova, Ani"]
[Black "Edes, Zsofia"]
[Result "1/2-1/2"]
[WhiteElo "1916"]
[BlackElo "2097"]
[PlyCount "94"]
[EventDate "2010.08.03"]
[EventType "swiss"]
[EventRounds "13"]
[EventCountry "POL"]
[Source "lmi"]
[SourceDate "2010.08.03"]

1. e4 c5 2. b4 cxb4 3. a3 e6 4. axb4 Bxb4 5. c3 Be7 6. d4 d5 7. e5 f5 8. Nf3
Bd7 9. Na3 Qc8 10. Nb5 Bxb5 11. Bxb5+ Nc6 12. O-O a6 13. Qa4 Ra7 14. Bxc6+ Qxc6
15. Qxc6+ bxc6 16. Ba3 Kd7 17. Rfb1 Bxa3 18. Rxa3 Ne7 19. Ng5 h6 20. Nf7 Rha8
21. Nd6 Nc8 22. Nb7 a5 23. Nc5+ Ke7 24. Kf1 g5 25. Ke2 h5 26. Kd3 Kf7 27. Kc2
g4 28. Ra2 f4 29. Nd3 f3 30. gxf3 gxf3 31. Ne1 Ke8 32. Kd2 Rc7 33. Nxf3 c5 34.
Rb5 cxd4 35. Nxd4 Rc4 36. Nxe6 a4 37. Rxd5 Ne7 38. Rd4 Rc6 39. Ng7+ Kf7 40.
Nxh5 Rh6 41. Nf4 Rxh2 42. Ke2 a3 43. Rd3 Rh4 44. Kf3 Ke8 45. Ne6 Kf7 46. Nd4
Nd5 47. e6+ Ke8 1/2-1/2

[Event "Campeonato del Mundo sub-20 2010 Fem."]
[Site "Chotowa-Czarna, Poland"]
[Date "2010.08.06"]
[Round "4.28"]
[White "Lis, Marcelina"]
[Black "Labedz, Patrycja"]
[Result "0-1"]
[WhiteElo "1905"]
[BlackElo "2076"]
[PlyCount "62"]
[EventDate "2010.08.03"]
[EventType "swiss"]
[EventRounds "13"]
[EventCountry "POL"]
[Source "lmi"]
[SourceDate "2010.08.03"]

1. e4 c5 2. Nf3 a6 3. d4 cxd4 4. Nxd4 Nf6 5. e5 Qa5+ 6. Nc3 Qxe5+ 7. Be3 e6 8.
Bd3 Be7 9. Qe2 Nc6 10. Nf3 Qa5 11. O-O b5 12. a4 b4 13. Ne4 h6 14. Nfd2 Nxe4
15. Bxe4 Qc7 16. a5 d5 17. Bb6 Qb8 18. Bf3 Ne5 19. Rfe1 Nxf3+ 20. Nxf3 O-O 21.
Ne5 Qd6 22. Qg4 Bd8 23. Bd4 f6 24. Ng6 Rf7 25. Be3 Bc7 26. Qh5 Rb8 27. Re2 Rb5
28. Bf4 e5 29. Rae1 Qd7 30. Bxh6 Qg4 31. Qxg4 Bxg4 0-1

[Event "Campeonato del Mundo sub-20 2010 Fem."]
[Site "Chotowa-Czarna, Poland"]
[Date "2010.08.06"]
[Round "4.29"]
[White "Osmanodja, Filiz"]
[Black "Jablonska, Sabina"]
[Result "1-0"]
[WhiteElo "2061"]
[BlackElo "1876"]
[PlyCount "57"]
[EventDate "2010.08.03"]
[EventType "swiss"]
[EventRounds "13"]
[EventCountry "POL"]
[Source "lmi"]
[SourceDate "2010.08.03"]

1. e4 c5 2. Nf3 d6 3. d4 cxd4 4. Nxd4 Nf6 5. Nc3 a6 6. Be3 e5 7. Nf3 Be7 8. Bc4
O-O 9. O-O Be6 10. Bb3 Qc7 11. Rc1 h6 12. Nh4 Rd8 13. Nf5 Bf8 14. Qf3 Nbd7 15.
g4 g5 16. Qh3 Bxf5 17. gxf5 Bg7 18. Kh1 Nc5 19. Bd5 Rab8 20. Rg1 Ncxe4 21. Bxe4
d5 22. Bxg5 hxg5 23. Rxg5 Nh7 24. Rxg7+ Kxg7 25. Rg1+ Kf8 26. Qxh7 dxe4 27. f6
Ke8 28. Qf5 Kf8 29. Qh3 1-0

[Event "Campeonato del Mundo sub-20 2010 Fem."]
[Site "Chotowa-Czarna, Poland"]
[Date "2010.08.06"]
[Round "4.30"]
[White "Cyboran, Katarzyna"]
[Black "Skrzypczak, Anna"]
[Result "0-1"]
[WhiteElo "1777"]
[BlackElo "2028"]
[PlyCount "86"]
[EventDate "2010.08.03"]
[EventType "swiss"]
[EventRounds "13"]
[EventCountry "POL"]
[Source "lmi"]
[SourceDate "2010.08.03"]

1. e4 c5 2. Nf3 e6 3. d4 cxd4 4. Nxd4 a6 5. Nc3 b5 6. Be2 Bb7 7. Bf3 Qc7 8. O-O
d6 9. Re1 Nd7 10. g3 Ngf6 11. a4 b4 12. Na2 Nc5 13. Nxb4 Ncxe4 14. Be3 e5 15.
Bxe4 Bxe4 16. Bg5 Qb7 17. Bxf6 gxf6 18. c3 a5 19. Nbc2 Be7 20. Nb5 Rd8 21. Ne3
f5 22. c4 h5 23. Nd5 h4 24. f3 Bxd5 25. Qxd5 Qxd5 26. Nc7+ Kd7 27. Nxd5 Rb8 28.
Re2 Rb3 29. Kg2 Rg8 30. Nxe7 Kxe7 31. c5 hxg3 32. cxd6+ Kxd6 33. Rd1+ Kc6 34.
hxg3 f4 35. g4 Rxg4+ 36. fxg4 f3+ 37. Kf2 fxe2 38. Rd2 Rb4 39. Kxe2 Rxg4 40. b3
Rg2+ 41. Ke3 Rxd2 42. Kxd2 Kd5 43. Kd3 Kc5 0-1

[Event "Campeonato del Mundo sub-20 2010 Fem."]
[Site "Chotowa-Czarna, Poland"]
[Date "2010.08.06"]
[Round "4.34"]
[White "Gora, Antonina"]
[Black "Butuc, Maria"]
[Result "0-1"]
[WhiteElo "1579"]
[BlackElo "2220"]
[PlyCount "55"]
[EventDate "2010.08.03"]
[EventType "swiss"]
[EventRounds "13"]
[EventCountry "POL"]
[Source "lmi"]
[SourceDate "2010.08.03"]

1. e4 c6 2. d4 d5 3. exd5 cxd5 4. Bd3 Nc6 5. c3 Qc7 6. h3 g6 7. Nf3 Bg7 8. O-O
Nf6 9. Qe2 O-O 10. Ne5 Nxe5 11. dxe5 Ne4 12. Bf4 Nc5 13. Bc2 b6 14. Re1 Ba6 15.
Qe3 Ne6 16. Bg3 d4 17. Qe4 d3 18. Bb3 Bh6 19. Rd1 Nc5 20. Bxf7+ Kg7 21. Qh4
Rxf7 22. e6 Rf4 23. Bxf4 Bxf4 24. Nd2 Rf8 25. Nf3 Bb7 26. Nd4 Bh2+ 27. Kh1 Rf4
28. Qg5 0-1

[Event "Campeonato del Mundo sub-20 2010 Fem."]
[Site "Chotowa-Czarna, Poland"]
[Date "2010.08.06"]
[Round "4.35"]
[White "Petrova, Irina"]
[Black "Ursente, Maria-eugenia"]
[Result "1/2-1/2"]
[WhiteElo "2014"]
[BlackElo "1978"]
[PlyCount "92"]
[EventDate "2010.08.03"]
[EventType "swiss"]
[EventRounds "13"]
[EventCountry "POL"]
[Source "lmi"]
[SourceDate "2010.08.03"]

1. d4 c5 2. dxc5 Qa5+ 3. Nc3 Nf6 4. Bd2 Qxc5 5. Nf3 g6 6. g3 Bg7 7. Bg2 O-O 8.
O-O d6 9. Be3 Qa5 10. Qd2 Nc6 11. Bh6 Qh5 12. Bxg7 Kxg7 13. Rad1 Bh3 14. Qg5
Qxg5 15. Nxg5 Bxg2 16. Kxg2 Rfc8 17. Nge4 Nxe4 18. Nxe4 Ne5 19. c3 Rc6 20. Nd2
Ra6 21. Ra1 Rc8 22. Rfc1 d5 23. f4 Nc4 24. Nxc4 Rxc4 25. Rd1 Rc5 26. Rd2 Rca5
27. b4 Ra3 28. Rxd5 Rxc3 29. Rd7 Re6 30. Re1 Rc2 31. Rxb7 Rxa2 32. Kf3 a6 33.
h3 h5 34. g4 Ra3+ 35. e3 hxg4+ 36. hxg4 Rb3 37. Kf2 a5 38. b5 a4 39. Ra7 a3 40.
Kf3 Kf6 41. Ra5 Rd6 42. Re2 Rd1 43. Ra6+ e6 44. b6 Ra1 45. g5+ Kg7 46. Rd2 Re1
1/2-1/2

[Event "Campeonato del Mundo sub-20 2010 Fem."]
[Site "Chotowa-Czarna, Poland"]
[Date "2010.08.06"]
[Round "4.36"]
[White "Tonel, Giulia"]
[Black "Correa, Jaqueline Pamplona"]
[Result "0-1"]
[WhiteElo "2001"]
[BlackElo "1928"]
[PlyCount "44"]
[EventDate "2010.08.03"]
[EventType "swiss"]
[EventRounds "13"]
[EventCountry "POL"]
[Source "lmi"]
[SourceDate "2010.08.03"]

1. e4 d6 2. d4 Nf6 3. Nc3 g6 4. Bg5 c6 5. Qd2 Nbd7 6. Bh6 Bxh6 7. Qxh6 Qa5 8.
O-O-O b5 9. e5 dxe5 10. dxe5 Nxe5 11. Qf4 b4 12. Ne4 Nxe4 13. Qxe4 Bf5 14. Qe3
O-O 15. Re1 Ng4 16. Qxe7 Qxa2 17. Qxb4 Rab8 18. Qc3 Rfd8 19. b3 Qa3+ 20. Qb2
Qxb2+ 21. Kxb2 Nxf2 22. Bc4 Nxh1 0-1

[Event "Campeonato del Mundo sub-20 2010 Fem."]
[Site "Chotowa-Czarna, Poland"]
[Date "2010.08.06"]
[Round "4.37"]
[White "Unapkoshvili, Nani"]
[Black "Ho, En Huei Danielle"]
[Result "1-0"]
[WhiteElo "1997"]
[BlackElo "1898"]
[PlyCount "65"]
[EventDate "2010.08.03"]
[EventType "swiss"]
[EventRounds "13"]
[EventCountry "POL"]
[Source "lmi"]
[SourceDate "2010.08.03"]

1. d4 d5 2. Nf3 c5 3. dxc5 Nc6 4. c4 d4 5. a3 a5 6. Bf4 f6 7. e4 e5 8. Bd2 Bxc5
9. Nh4 Nge7 10. f4 exf4 11. Qh5+ g6 12. Qxc5 b6 13. Qb5 O-O 14. Qb3 g5 15. Nf3
a4 16. Qc2 Ng6 17. Bb4 Re8 18. Nbd2 g4 19. Ng1 f5 20. O-O-O Nge5 21. exf5 d3
22. Qc3 Bxf5 23. h3 h5 24. hxg4 hxg4 25. Rh6 Bg6 26. Rxg6+ Nxg6 27. Bxd3 Nge5
28. Be4 Nxb4 29. axb4 Rc8 30. Bd5+ Kf8 31. Kb1 Qc7 32. Qd4 Ng6 33. Qf6+ 1-0

[Event "Campeonato del Mundo sub-20 2010 Fem."]
[Site "Chotowa-Czarna, Poland"]
[Date "2010.08.06"]
[Round "4.39"]
[White "Oliver, Tamzin L"]
[Black "Misovic, Sanja"]
[Result "1-0"]
[WhiteElo "1737"]
[BlackElo "1907"]
[PlyCount "85"]
[EventDate "2010.08.03"]
[EventType "swiss"]
[EventRounds "13"]
[EventCountry "POL"]
[Source "lmi"]
[SourceDate "2010.08.03"]

1. e4 c5 2. Nc3 e6 3. f4 a6 4. a4 Nc6 5. Bc4 Nge7 6. d3 d5 7. Bb3 Rb8 8. Nf3 g6
9. Qe2 d4 10. Nd1 Na5 11. Ne5 Nxb3 12. cxb3 Nc6 13. Nc4 b5 14. Nd2 Nb4 15. O-O
Bh6 16. Nf3 O-O 17. Bd2 Nc6 18. Rc1 Qd6 19. g3 Bg7 20. Ng5 Bd7 21. Qg2 Rfc8 22.
e5 Qf8 23. Qh3 h6 24. Ne4 Na7 25. Nd6 Rc6 26. a5 Nc8 27. Ne4 b4 28. Ndf2 Rb5
29. Ng4 Rc7 30. Ngf6+ Bxf6 31. Nxf6+ Kg7 32. f5 Qh8 33. Nxd7 Rxd7 34. fxe6 fxe6
35. Qxe6 Rbb7 36. Rf6 Qh7 37. Rxc5 Na7 38. Qxa6 g5 39. Qc4 Re7 40. a6 Rbd7 41.
Bxb4 Rf7 42. Rxf7+ Rxf7 43. Rc7 1-0

[Event "Campeonato del Mundo sub-20 2010 Fem."]
[Site "Chotowa-Czarna, Poland"]
[Date "2010.08.06"]
[Round "4.40"]
[White "Vanhuyse, Nele"]
[Black "Ferreira, Susana Carolina G"]
[Result "1-0"]
[WhiteElo "1779"]
[BlackElo "1726"]
[PlyCount "79"]
[EventDate "2010.08.03"]
[EventType "swiss"]
[EventRounds "13"]
[EventCountry "POL"]
[Source "lmi"]
[SourceDate "2010.08.03"]

1. e4 c5 2. Nf3 e6 3. d4 cxd4 4. Nxd4 a6 5. c4 Qc7 6. Nc3 Nf6 7. a3 Be7 8. Be2
O-O 9. O-O Nc6 10. Kh1 Nxd4 11. Qxd4 e5 12. Qd3 h6 13. Nd5 Nxd5 14. exd5 f5 15.
Bd2 b6 16. Rad1 d6 17. f4 e4 18. Qe3 Bd7 19. Rc1 Qa7 20. b4 Rac8 21. h3 Bf6 22.
g4 g6 23. Kg2 Kh7 24. Rh1 Rg8 25. g5 Bg7 26. gxh6 Bxh6 27. h4 Be8 28. Kf2 Qb7
29. Qh3 b5 30. h5 Qf7 31. hxg6+ Rxg6 32. Bh5 Qf8 33. Bxg6+ Bxg6 34. Rh2 Rxc4
35. Rch1 e3+ 36. Qxe3 Re4 37. Qh3 Rd4 38. Qxh6+ Qxh6 39. Rxh6+ Kg7 40. Bc3 1-0

[Event "Campeonato del Mundo sub-20 2010 Fem."]
[Site "Chotowa-Czarna, Poland"]
[Date "2010.08.07"]
[Round "5.1"]
[White "Girya, Olga"]
[Black "Muminova, Nafisa"]
[Result "1/2-1/2"]
[WhiteElo "2376"]
[BlackElo "2290"]
[PlyCount "106"]
[EventDate "2010.08.03"]
[EventType "swiss"]
[EventRounds "13"]
[EventCountry "POL"]
[Source "lmi"]
[SourceDate "2010.08.03"]

1. d4 Nf6 2. c4 e6 3. Nc3 c5 4. d5 exd5 5. cxd5 g6 6. e4 d6 7. Bd3 Bg7 8. h3
O-O 9. Nf3 b5 10. Bxb5 Nxe4 11. Nxe4 Qa5+ 12. Nfd2 Qxb5 13. Nxd6 Qa6 14. N2c4
Nd7 15. O-O Ne5 16. Nxc8 Rfxc8 17. Nxe5 Bxe5 18. Re1 Qd6 19. Qf3 Re8 20. Rd1
Rad8 21. Rb1 Bd4 22. Bg5 f6 23. Bh4 g5 24. Bg3 Qxd5 25. Qxd5+ Rxd5 26. Kf1 Red8
27. Bc7 R8d7 28. Ba5 Kf7 29. Bc3 Bxc3 30. Rxd5 Rxd5 31. bxc3 Ke6 32. Rb5 Kd6
33. Ra5 Rd3 34. Ke2 Rxc3 35. Kd2 Rc4 36. Rxa7 h5 37. a4 Rb4 38. a5 Rb2+ 39. Ke3
f5 40. Rg7 Rb3+ 41. Kd2 Rb2+ 42. Kc3 Rxf2 43. Rxg5 Kc6 44. a6 Kb5 45. a7 Ra2
46. Rxh5 Rxa7 47. Rxf5 Ra3+ 48. Kb2 Rg3 49. Rf2 c4 50. h4 Kb4 51. h5 Rb3+ 52.
Kc1 Rc3+ 53. Rc2 Ra3 1/2-1/2

[Event "Campeonato del Mundo sub-20 2010 Fem."]
[Site "Chotowa-Czarna, Poland"]
[Date "2010.08.07"]
[Round "5.2"]
[White "Muzychuk, Anna"]
[Black "Mammadova, Gulnar Marfat"]
[Result "1-0"]
[WhiteElo "2527"]
[BlackElo "2260"]
[PlyCount "71"]
[EventDate "2010.08.03"]
[EventType "swiss"]
[EventRounds "13"]
[EventCountry "POL"]
[Source "lmi"]
[SourceDate "2010.08.03"]

1. d4 Nf6 2. c4 g6 3. Nc3 d5 4. Nf3 Bg7 5. Bg5 Ne4 6. cxd5 Nxg5 7. Nxg5 e6 8.
Qd2 h6 9. Nh3 exd5 10. Nf4 O-O 11. e3 c6 12. Bd3 Qf6 13. O-O Bf5 14. b4 Nd7 15.
b5 Nb6 16. Rfc1 Bxd3 17. Qxd3 a6 18. bxc6 bxc6 19. Rab1 Rfb8 20. Rb3 Nc4 21.
Ncxd5 cxd5 22. Nxd5 Qg5 23. Qxc4 Rd8 24. Nb6 Ra7 25. Qc5 Qh4 26. h3 Bf8 27. Qa5
Qe4 28. Nc8 Rad7 29. Qxa6 Bg7 30. a4 Qe8 31. Qc6 f5 32. a5 f4 33. a6 fxe3 34.
fxe3 Qf7 35. Qc4 Rd5 36. a7 1-0

[Event "Campeonato del Mundo sub-20 2010 Fem."]
[Site "Chotowa-Czarna, Poland"]
[Date "2010.08.07"]
[Round "5.3"]
[White "Ohme, Melanie"]
[Black "Bhakti, Kulkarni Pradip"]
[Result "1/2-1/2"]
[WhiteElo "2326"]
[BlackElo "2249"]
[PlyCount "113"]
[EventDate "2010.08.03"]
[EventType "swiss"]
[EventRounds "13"]
[EventCountry "POL"]
[Source "lmi"]
[SourceDate "2010.08.03"]

1. e4 c6 2. d4 d5 3. Nc3 dxe4 4. Nxe4 Nf6 5. Nxf6+ gxf6 6. c3 Bf5 7. Nf3 Qc7 8.
g3 Nd7 9. Bg2 O-O-O 10. Nh4 Bg6 11. f4 e6 12. O-O f5 13. b4 Be7 14. a4 Bxh4 15.
gxh4 Nf6 16. b5 Bh5 17. Qe1 Rhg8 18. Ra2 c5 19. Kh1 cxd4 20. cxd4 Rxd4 21. Qe3
Rc4 22. Bd2 Kb8 23. a5 Qc5 24. Qd3 Nd5 25. b6 a6 26. Raa1 Qd4 27. Qxd4 Rxd4 28.
Bc1 Be2 29. Re1 Bb5 30. Bb2 Rd2 31. Be5+ Ka8 32. Rg1 Bc6 33. Bf3 Rd8 34. Rg7
Rd3 35. Bxd5 exd5 36. Rxh7 Rg8 37. Rg7 Rxg7 38. Bxg7 d4+ 39. Kg1 Rd2 40. Bf6
Rg2+ 41. Kf1 d3 42. Rd1 Rg6 43. Kf2 Rg2+ 44. Ke3 Bb5 45. Rd2 Rg6 46. Be5 Bc4
47. Kd4 Bb5 48. h5 Re6 49. Rg2 f6 50. Bc7 Re2 51. Rg8+ Be8 52. Kxd3 Rd2+ 53.
Ke3 Re2+ 54. Kd4 Rd2+ 55. Kc4 Rd4+ 56. Kc5 Rd5+ 57. Kxd5 1/2-1/2

[Event "Campeonato del Mundo sub-20 2010 Fem."]
[Site "Chotowa-Czarna, Poland"]
[Date "2010.08.07"]
[Round "5.4"]
[White "Abdulla, Khayala Mardan"]
[Black "Padmini, Rout"]
[Result "0-1"]
[WhiteElo "2193"]
[BlackElo "2275"]
[PlyCount "98"]
[EventDate "2010.08.03"]
[EventType "swiss"]
[EventRounds "13"]
[EventCountry "POL"]
[Source "lmi"]
[SourceDate "2010.08.03"]

1. e4 c5 2. Nf3 d6 3. d4 cxd4 4. Nxd4 Nf6 5. Nc3 a6 6. Bc4 e6 7. Bb3 Nbd7 8.
Qe2 Nc5 9. Bg5 Qa5 10. Bxf6 gxf6 11. O-O-O Bd7 12. Kb1 O-O-O 13. f4 Be7 14. f5
h5 15. Rhe1 Kb8 16. Qe3 Rdg8 17. Re2 Rg4 18. Qh3 Nxb3 19. Nxb3 Qe5 20. g3 Bd8
21. Nc1 Qc5 22. Nd3 Qc6 23. Nf4 Ba5 24. Nxh5 exf5 25. Nd5 Rxe4 26. Rxe4 fxe4
27. g4 Rc8 28. c3 Be6 29. Nhxf6 Bd8 30. Rd4 Qb5 31. Qh6 Qf1+ 32. Qc1 Qf3 33. g5
Bxf6 34. Nxf6 e3 35. Rd1 Qf5+ 36. Qc2 Qxg5 37. Ne4 Qe5 38. Ng3 f5 39. Ne2 f4
40. Nd4 Bg4 41. Rg1 f3 42. Rxg4 f2 43. Qd1 Rf8 44. Qf1 e2 45. Nxe2 Qf5+ 46. Kc1
Qxg4 47. Ng3 Qf4+ 48. Kc2 Qa4+ 49. Kb1 Re8 0-1

[Event "Campeonato del Mundo sub-20 2010 Fem."]
[Site "Chotowa-Czarna, Poland"]
[Date "2010.08.07"]
[Round "5.5"]
[White "Ziaziulkina, Nastassia"]
[Black "Severiukhina, Zoja"]
[Result "1-0"]
[WhiteElo "2293"]
[BlackElo "2341"]
[PlyCount "69"]
[EventDate "2010.08.03"]
[EventType "swiss"]
[EventRounds "13"]
[EventCountry "POL"]
[Source "lmi"]
[SourceDate "2010.08.03"]

1. e4 e5 2. Nf3 Nc6 3. Bb5 a6 4. Ba4 Nf6 5. Qe2 b5 6. Bb3 Bc5 7. O-O O-O 8. c3
d6 9. d3 Bg4 10. h3 Bxf3 11. Qxf3 Ne7 12. Rd1 Ng6 13. Nd2 c6 14. Nf1 Kh8 15.
Ng3 Nd7 16. d4 Bb6 17. Be3 Qf6 18. Qxf6 gxf6 19. Bh6 Rfd8 20. Bxf7 Nh4 21. Nh5
Rg8 22. Bxg8 Rxg8 23. Ng3 f5 24. exf5 Rxg3 25. fxg3 Nxf5 26. Bg5 exd4 27. Kh2
dxc3 28. bxc3 d5 29. Rf1 Nd6 30. Bh6 Kg8 31. Rae1 Ne4 32. Rf3 Bd8 33. Ref1 Ndf6
34. g4 Be7 35. g3 1-0